The Hidden Game of Football: A Revolutionary Approach to the Game and Its Statistics (Record no. 6633)
[ view plain ]
| 005 - DATE AND TIME OF LATEST TRANSACTION | |
|---|---|
| control field | 20250709081111.0 |
| 020 ## - INTERNATIONAL STANDARD BOOK NUMBER | |
| International Standard Book Number | 978-0-226-82586-1 |
| 082 ## - DEWEY DECIMAL CLASSIFICATION NUMBER | |
| Classification number | 796.332 CAR |
| 100 ## - MAIN ENTRY--PERSONAL NAME | |
| Author name | CARROL, B. |
| 245 ## - TITLE STATEMENT | |
| Title | The Hidden Game of Football: A Revolutionary Approach to the Game and Its Statistics |
| 260 ## - PUBLICATION, DISTRIBUTION, ETC. | |
| Place of publication, distribution, etc. | Chicago |
| Name of publisher, distributor, etc. | The University of Chicago Press |
| Date of publication, distribution, etc. | 2023. |
| 300 ## - PHYSICAL DESCRIPTION | |
| Extent | 415p. |
| Dimensions | 24cm |
| 700 ## - ADDED ENTRY--PERSONAL NAME | |
| Other authors/Editors | John Thorn |
| 942 ## - ADDED ENTRY ELEMENTS (KOHA) | |
| Source of classification or shelving scheme | Dewey Decimal Classification |
| Koha item type | Books |
| Date last seen | Total checkouts | Full call number | Barcode | Cost, replacement price | Price effective from | Koha item type | Lost status | Source of classification or shelving scheme | Damaged status | Not for loan | Withdrawn status | Home library | Current library | Shelving location | Date acquired | Source of acquisition | Cost, normal purchase price |
|---|---|---|---|---|---|---|---|---|---|---|---|---|---|---|---|---|---|
| 07/09/2025 | 796.332 CAR | MZA0002924 | 90000.00 | 07/09/2025 | Books | Dewey Decimal Classification | CBE Mwanza | CBE Mwanza | General Collection | 02/12/2025 | TLSB Donation | 30000.00 |
